=LDR 00000nam 2200000 4500 =001 INLIS000000000036405 =005 20130612142208 =008 ***********************************Ind** =035 ##$$0010-061300000036405 =041 ##$$a Ind =082 ##$$a 649.1 =090 ##$$a 649.1, Sul m =100 ##$$a Sulaeman, Lis R =245 ##$$a Memahami si teriible two, Lis R Sulaiman =260 ##$$a 2011 $b Jakarta =300 ##$$a 96 hlm, ilus, 25 cm =650 ##$$a Mengasuh anak =850 ##$$a NBPNMAT